MARC

LEADER 00000nam0a2200000 4500
001 317221
005 20231102002943.0
035 |a (RuTPU)RU\TPU\book\342689 
090 |a 317221 
100 |a 20160406d1979 km y0rusy50 ca 
101 0 |a rus 
102 |a RU 
105 |a a z 001zy 
200 1 |a Маркшейдерско-геодезические работы на месторождениях нефти и газа  |f А. С. Мазницкий, В. Г. Сова 
210 |a Москва  |c Недра  |d 1979 
215 |a 326 с.  |c ил. 
320 |a Библиогр.: с. 317-321. 
606 1 |a Маркшейдерские работы  |x Автоматизация и механизация  |2 stltpush  |3 (RuTPU)RU\TPU\subj\41063  |9 60882 
610 1 |a нефтегазодобывающая промышленность 
610 1 |a маркшейдерско-геодезические сети 
610 1 |a скважины 
610 1 |a строительство 
610 1 |a съемочные работы 
610 1 |a планы 
610 1 |a составление 
610 1 |a обновление 
610 1 |a инженерные коммуникации 
610 1 |a морские месторождения 
610 1 |a геодезические измерения 
610 1 |a горно-геометрические измерения 
610 1 |a математическая обработка 
675 |a 622.1:528.4  |v 3 
700 1 |a Мазницкий  |b А. С.  |g Анатолий Саввич 
701 1 |a Сова  |b В. Г.  |g Виктор Георгиевич 
801 1 |a RU  |b 63413507  |c 20160406 
801 2 |a RU  |b 63413507  |c 20160920  |g RCR 
942 |c BK